Countries within 500km of Czech Republic - Statistics

General Stats
  • This quiz has been taken 54 times
  • The average score is 22 of 22
Answers on the Map
Answers color-coded by a green-red scale on the quiz's map according to % correct below.
 
Answer Stats
Answer % Correct
Austria
100%
Belarus
100%
Belgium
100%
Bosnia and Herzegovina
100%
Croatia
100%
Denmark
100%
France
100%
Germany
100%
Hungary
100%
Italy
100%
Liechtenstein
100%
Luxembourg
100%
Netherlands
100%
Poland
100%
Romania
100%
Serbia
100%
Slovakia
100%
Slovenia
100%
Switzerland
100%
Ukraine
100%
Russia
98%
Sweden
96%
No matching quizzes found
Score Distribution
Percent of People with Each Score
Percentile by Number Answered
Your Score History
You have not taken this quiz